Cvičebnice ke kurzu Matematika B /

Main Author: Genčev, Marian
Corporate Author: Vysoká škola báňská - Technická univerzita Ostrava. Ekonomická fakulta
Language: Czech
Published: Ostrava : VŠB-TU Ostrava, 2013
Edition: 1. vyd.
Series: Series of textbooks ; vol. 8
Subjects:
Physical Description: i, 158 s. ; 30 cm
Book
Saved in:
LEADER 01918nam a2200469 a 4500
001 nkc20132499978
003 CZ PrNK
005 20230425102942.0
007 ta
008 130920s2013 xr e p 000 0 cze
015 |a cnb002499978 
020 |a 978-80-248-3168-8  |q (brož.) 
035 |a (OCoLC)879563859 
040 |a OLA001  |b cze 
072 7 |a 517  |x Matematická analýza  |2 Konspekt  |9 13 
072 7 |a 37.016  |x Učební osnovy. Vyučovací předměty. Učebnice  |2 Konspekt  |9 22 
080 |a 517  |2 MRF 
080 |a (075.8)  |2 MRF 
100 1 |a Genčev, Marian  |7 ola2014811927  |4 aut 
245 1 0 |a Cvičebnice ke kurzu Matematika B /  |c Marian Genčev 
246 3 |a Matematika B 
250 |a 1. vyd. 
260 |a Ostrava :  |b VŠB-TU Ostrava,  |c 2013 
300 |a i, 158 s. ;  |c 30 cm 
490 1 |a Series of textbooks ;  |v vol. 8 
500 |a Nad názvem: Faculty of Economics, VŠB-TU Ostrava 
500 |a 260 výt. 
504 |a Obsahuje bibliografii 
650 0 7 |a matematická analýza  |7 ph115238  |x úlohy  |2 czenas 
650 0 9 |a mathematical analysis  |x problems, exercises, etc  |2 eczenas 
655 7 |a učebnice vysokých škol  |7 fd133772  |2 czenas 
655 9 |a textbooks (higher)  |2 eczenas 
710 2 |a Vysoká škola báňská - Technická univerzita Ostrava.  |b Ekonomická fakulta  |7 kn20010709388 
810 2 |a Vysoká škola báňská - Technická univerzita Ostrava.  |b Ekonomická fakulta.  |t Series of textbooks  |0 s 
910 2 |a BOA001  |b 4-1323.414 
928 9 |a Vysoká škola báňská - Technická univerzita 
990 |a BK 
995 |a 01 
991 |b 201403  |c NOV  |e n 
996 6 |b 2610585448  |c 4-1323.414  |l MZK  |r Sklad / do 1 hodiny  |n 0  |p p.v.  |w 001408895  |u 000010  |a 1  |e BOA001  |j MZK50  |s P 
996 6 |b 2610605767  |c 4-1323.414  |l MZK  |r STM 6p  |n 0  |p kup  |h 517 GEN  |w 001408895  |u 000020  |a 0  |e BOA001  |j MZK50  |s P 
996 7 |b 2610605768  |c 4-1323.414  |l Vol.výběr  |r VV 0p  |n 8  |p kup  |h 517 GEN  |w 001408895  |u 000030  |a 0  |e BOA001  |j MZK50  |s A